[Event "58th ch-RUS w 1st liga"]
[Site "Smolensk RUS"]
[Date "2008.03.04"]
[Round "7"]
[White "Karibaeva,E"]
[Black "Petrova,O"]
[Result "1-0"]
[WhiteElo "2153"]
[BlackElo "2102"]

1.d4 Nf6 2.c4 g6 3.Nc3 Bg7 4.e4 O-O 5.Be3 d6 6.Be2 e5 7.Nf3 Ng4 8.Bg5 f6
9.Bh4 Nc6 10.O-O exd4 11.Nxd4 Nge5 12.f4 Nf7 13.Bf2 Kh8 14.Bf3 Nxd4 15.Bxd4 Be6
16.b3 c6 17.Qd2 Qc7 18.Rad1 Rad8 19.Qb2 Nh6 20.h3 f5 21.Qf2 fxe4 22.Nxe4 Nf5
23.Bxg7+ Nxg7 24.Qxa7 Rxf4 25.Rfe1 Rff8 26.Ng5 Bc8 27.Qd4 Kg8 28.Bg4 Bxg4
29.hxg4 d5 30.Rf1 h6 31.Rxf8+ Rxf8 32.Nf3 dxc4 33.Qxc4+ Kh7 34.Rd4 b5 35.Qd3 Rf6
36.g5 Rf7 37.gxh6 Ne6 38.Rd6 Re7 39.Rxe6 Rxe6 40.Ng5+ Kxh6 41.Nxe6 Qa7+ 42.Qd4  1-0

[Event "XXIII Open"]
[Site "Reykjavik ISL"]
[Date "2008.03.05"]
[Round "3"]
[White "Halkias,S"]
[Black "Lie,Es"]
[Result "1-0"]
[WhiteElo "2580"]
[BlackElo "2428"]

1.d4 Nf6 2.c4 g6 3.Nc3 Bg7 4.e4 d6 5.Nf3 O-O 6.Be2 e5 7.Be3 h6 8.O-O Ng4
9.Bc1 Nc6 10.d5 Ne7 11.Ne1 h5 12.h3 Nh6 13.f4 exf4 14.Bxf4 f5 15.Qd2 Nf7
16.Nf3 fxe4 17.Nxe4 Nf5 18.Rae1 c6 19.g4 hxg4 20.hxg4 N5h6 21.Nh2 Qh4 22.Kg2 Bd7
23.Bg3 Qe7 24.Nxd6 Ne5 25.c5 Nhf7 26.Nxf7 Nxf7 27.d6 Qe4+ 28.Bf3 Qc4 29.Re7 Rad8
30.b4 a5 31.Be2 Qxb4 32.Qxb4 axb4 33.Bc4 Be8 34.g5 Bd4 35.Ng4 Kg7 36.Be5+  1-0

[Event "58th ch-RUS w 1st liga"]
[Site "Smolensk RUS"]
[Date "2008.03.05"]
[Round "8"]
[White "Iljushina,O"]
[Black "Schepetkova,M"]
[Result "0-1"]
[WhiteElo "2268"]
[BlackElo "2173"]

1.d4 Nf6 2.c4 g6 3.Nc3 Bg7 4.e4 d6 5.Be2 O-O 6.Nf3 e5 7.Be3 Ng4 8.Bg5 f6
9.Bh4 Nc6 10.dxe5 Ngxe5 11.Nxe5 dxe5 12.Qxd8 Nxd8 13.Nd5 Rf7 14.c5 Be6 15.f3 Nc6
16.Bc4 Na5 17.Nxc7 Nxc4 18.Nxa8 Nxb2 19.O-O Bh6 20.Bf2 Bc4 21.Rfb1 Nd3 22.a4 f5
23.exf5 gxf5 24.c6 bxc6 25.Rb8+ Kg7 26.Rc8 Nxf2 27.Kxf2 e4 28.Rxc6 Bd5 29.Rc8 Bb7
30.Re8 Bd2 31.Rb1 e3+ 32.Kg1 Bc6 33.Rc8 Bxa4 34.Rc4 Bd7 35.Kh1 Re7 36.Kg1 Be6
37.Rc5 a5 38.Nc7 Ba2 39.Rb2 Bb4 40.Rcc2 Bf7 41.Nb5 f4 42.Nd4 Bg6 43.Rc6 Kf7
44.g3 Rd7 45.Rc4 fxg3 46.hxg3 Bd2 47.f4 Bh5 48.Kf1 Bg6 49.Ke2 Bh5+ 50.Nf3 Re7
51.Rxd2 exd2+ 52.Kxd2 Bxf3 53.Rc5 a4 54.Ra5 Re4 55.Ra7+ Kg6 56.f5+ Kh6 57.f6 Kg6
58.f7 Kg7  0-1

[Event "FSGM March"]
[Site "Budapest HUN"]
[Date "2008.03.06"]
[Round "5"]
[White "Porat,I"]
[Black "Rajlich,I"]
[Result "1-0"]
[WhiteElo "2272"]
[BlackElo "2437"]

1.d4 d6 2.c4 e5 3.d5 g6 4.Nc3 Bg7 5.e4 Nf6 6.Nf3 O-O 7.Be2 a5 8.O-O Na6 9.Bg5 h6
10.Bh4 Qe8 11.Ne1 Bd7 12.Bxf6 Bxf6 13.Bg4 Bxg4 14.Qxg4 c6 15.Rd1 Be7 16.Nd3 b5
17.c5 b4 18.Na4 cxd5 19.cxd6 Bxd6 20.Nb6 Ra7 21.Nxd5 Kg7 22.f4 exf4 23.N3xf4 Qe5
24.Nf6 Bc5+ 25.Kh1 Qg5 26.Qf3 Kh8 27.Nh3 Qe3 28.Qg4 Re7 29.Nf4 h5 30.Qg5 Kg7
31.N6xh5+ Kh7 32.Nf6+ Kg7 33.Ng4  1-0

[Event "58th ch-RUS w 1st liga"]
[Site "Smolensk RUS"]
[Date "2008.03.06"]
[Round "9"]
[White "Ivakhinova,I"]
[Black "Savina,A"]
[Result "0-1"]
[WhiteElo "2250"]
[BlackElo "2202"]

1.d4 Nf6 2.c4 g6 3.Nc3 Bg7 4.Nf3 O-O 5.e4 d6 6.Be2 Na6 7.O-O e5 8.Re1 c6
9.d5 Nc5 10.Bf1 a5 11.b3 Ne8 12.Ba3 Na6 13.c5 cxd5 14.Qxd5 Nxc5 15.Bxc5 Be6
16.Qxb7 dxc5 17.Red1 Qc8 18.Qxc8 Rxc8 19.Rac1 Bh6 20.Rc2 f5 21.Nxe5 Bg7 22.Bc4 Nc7
23.Nc6 Kh8 24.Bxe6 Nxe6 25.exf5 Nd4 26.Rxd4 cxd4 27.Nd1 Rfe8 28.Kf1 d3 29.Rc4 d2  0-1

[Event "58th ch-RUS w 1st liga"]
[Site "Smolensk RUS"]
[Date "2008.03.06"]
[Round "9"]
[White "Dotdaeva,A"]
[Black "Gulinina,N"]
[Result "1-0"]
[WhiteElo "2136"]
[BlackElo "1892"]

1.d4 Nf6 2.c4 g6 3.Nc3 Bg7 4.e4 d6 5.Nf3 O-O 6.Be2 Nbd7 7.O-O e5 8.Be3 h6
9.d5 a5 10.Nd2 Nc5 11.b3 Qe7 12.a3 Ne8 13.b4 axb4 14.axb4 Rxa1 15.Qxa1 Na6
16.Qa3 f5 17.f3 f4 18.Bf2 Nf6 19.c5 Nb8 20.Qa7 Nfd7 21.Nb3 Bf6 22.Na5 c6
23.Rd1 dxc5 24.bxc5 Bh4 25.Bxh4 Qxh4 26.Nxb7 Bxb7 27.Qxb7 Nxc5 28.Qa7 Nb3
29.dxc6 Nxc6 30.Qa2 Nd4 31.Bc4+  1-0

[Event "ch-UKR Boys u20"]
[Site "Odessa UKR"]
[Date "2008.03.07"]
[Round "3"]
[White "Bagrationi,A"]
[Black "Tukhaev,A"]
[Result "0-1"]
[WhiteElo "2178"]
[BlackElo "2524"]

1.d4 Nf6 2.c4 g6 3.Nc3 Bg7 4.e4 O-O 5.Be2 d6 6.Nf3 e5 7.O-O Nbd7 8.Be3 Re8
9.d5 Nh5 10.Re1 Bf8 11.Nd2 Ng7 12.b4 f5 13.f3 f4 14.Bf2 g5 15.Nb3 Nf6 16.c5 h5
17.Rc1 Re7 18.cxd6 cxd6 19.Na5 Nge8 20.Nb5 a6 21.Na3 g4 22.N3c4 Rf7 23.Kh1 g3
24.Bb6 Qe7 25.h3 Nh7 26.Bf1 Qh4 27.Qe2 Ng5 28.Kg1 Nf6 29.Nd2 Rg7 30.Rxc8 Rxc8
31.Ndc4 Kh8 32.Kh1 Be7 33.Rd1 Rcg8 34.Qe1 Nxh3 35.gxh3 g2+ 36.Bxg2 Rg3 37.Qf2  0-1

[Event "TCh-FIN 2007-8"]
[Site "Finland FIN"]
[Date "2008.03.08"]
[Round "8"]
[White "Norri,J"]
[Black "Virtanen,A"]
[Result "0-1"]
[WhiteElo "2356"]
[BlackElo "2332"]

1.d4 Nf6 2.c4 g6 3.Nc3 Bg7 4.e4 d6 5.Be2 O-O 6.Nf3 e5 7.d5 Nbd7 8.Bg5 h6
9.Bh4 g5 10.Bg3 Nh5 11.h4 Nf4 12.hxg5 hxg5 13.Bf1 a5 14.Nd2 Nc5 15.Bxf4 exf4
16.Qh5 Re8 17.Be2 Qf6 18.O-O-O a4 19.a3 Ra6 20.e5 Rxe5 21.Bg4 Bf5  0-1

[Event "KNSB TCh-NED 2007-8"]
[Site "Netherlands NED"]
[Date "2008.03.08"]
[Round "7"]
[White "Goormachtigh,J"]
[Black "Buenermann,V"]
[Result "1-0"]
[WhiteElo "2238"]
[BlackElo "2293"]

1.d4 Nf6 2.c4 g6 3.Nc3 Bg7 4.e4 d6 5.Nf3 O-O 6.Be2 e5 7.Be3 Ng4 8.Bg5 f6
9.Bc1 Nc6 10.d5 Ne7 11.h3 Nh6 12.h4 Nf7 13.h5 f5 14.Qb3 f4 15.Nh2 Nh6 16.Bd2 gxh5
17.Bxh5 Ng6 18.O-O-O Qg5 19.g4 Qe7 20.Rdg1 Nf7 21.Nf3 Ng5 22.Nxg5 Qxg5 23.c5 Qe7
24.cxd6 cxd6 25.Kb1 Bd7 26.Qxb7 Rfb8 27.Qa6 Rb6 28.Qa3 Bf6 29.g5 Bxg5 30.Bg4 Bxg4
31.Rxg4 Kg7 32.Nd1 h6 33.Qh3 Rh8 34.Rhg1 Kf7 35.f3 Qf6 36.Nf2 Rhb8 37.Bc3 R6b7
38.Qh5 Rg8 39.Nh3 Rg7 40.Nxg5+ hxg5 41.Rxg5  1-0

[Event "FSIM March"]
[Site "Budapest HUN"]
[Date "2008.03.10"]
[Round "9"]
[White "Porat,Ma"]
[Black "Llaneza Vega,P"]
[Result "1/2-1/2"]
[WhiteElo "2190"]
[BlackElo "2281"]

1.d4 Nf6 2.c4 g6 3.Nc3 Bg7 4.e4 d6 5.Nf3 O-O 6.Be2 Na6 7.O-O e5 8.Re1 c6
9.d5 Nc5 10.Qc2 Bg4 11.b4 Na6 12.a3 c5 13.Rb1 h6 14.Be3 Nd7 15.Nd2 Bxe2 16.Rxe2 f5
17.f3 Rf7 18.bxc5 Naxc5 19.Nb3 b6 20.a4 f4 21.Bf2 Bf6 22.Nxc5 bxc5 23.Rb7 Nb6
24.Rxf7 Kxf7 25.Qa2 a6 26.Rb2 Rb8 27.Be1 Nd7 28.Nd1 Qc7 29.Qb1 Rxb2 30.Qxb2 Bd8
31.a5 g5 32.Kf1 Nf6 33.h3 h5 34.Ke2 Qd7 35.Qb8 g4 36.hxg4 hxg4 37.Qb3 gxf3+
38.gxf3 Be7 39.Nf2 Nh7 40.Qb6 Qa4 41.Qxa6 Qc2+ 42.Bd2 Ng5 43.Qc8 Qxc4+ 44.Nd3 Nxf3
45.Qe6+ Ke8 46.Qc8+ Kf7 47.Qe6+ Ke8 48.Qc8+  1/2-1/2

[Event "ch-UKR Boys u20"]
[Site "Odessa UKR"]
[Date "2008.03.10"]
[Round "6"]
[White "Polyakov,M"]
[Black "Grinev,V"]
[Result "1/2-1/2"]
[WhiteElo "2305"]
[BlackElo "2266"]

1.d4 Nf6 2.c4 g6 3.Nc3 Bg7 4.e4 d6 5.Nf3 O-O 6.Be2 e5 7.O-O Na6 8.Be3 Ng4
9.Bg5 Qe8 10.c5 exd4 11.Nxd4 dxc5 12.Nb3 Nf6 13.Bxa6 bxa6 14.Nxc5 Qe5 15.Bxf6 Bxf6
16.Nd3 Qd4 17.Nf4 Qxd1 18.Rfxd1 Rb8 19.Nfd5 Bd8 20.Rab1 c6 21.Ne3 Re8 22.b3 Bf6
23.Rbc1 Bg5 24.Rd6 f5 25.Rxc6 Bb7 26.Rc4 fxe4 27.Re1 Rbd8 28.g3 Rd3 29.Rc7 Re7
30.Rxe7 Bxe7 31.Rc1 Bc5 32.Ncd1 Bb6 33.Nc4 Bd4 34.Nde3 Bc8 35.Nb2 Rc3 36.Rxc3 Bxc3
37.Nbc4 Bb7 38.Kf1 Kf8 39.Ke2 Ke7 40.h4 Ke6 41.Ng2 Bd4 42.Nf4+ Kf6 43.Ne3 Ke5
44.Kd2 Bc6 45.Ne2 Bc5 46.a4 Bb4+ 47.Kd1 Bd7 48.Nf4 Bc6 49.Ng4+ Kf5 50.Ne3+ Ke5
51.Ng4+ Kf5 52.Nh6+ Kf6 53.Ke2 Bc5 54.Ng4+ Kf5 55.Ne3+ Ke5 56.Nc4+ Kf5 57.Ne3+ Ke5
58.Nc4+ Kf5 59.Ng2 Ke6 60.Nge3 Bd4 61.Kd2 Be8 62.Ke2 Bc6 63.Ng2 Bc5 64.Nf4+ Kf5
65.Ne3+ Ke5  1/2-1/2

[Event "TCh-AUT 1st Bundesliga 2007-8"]
[Site "Graz AUT"]
[Date "2008.03.13"]
[Round "8"]
[White "Loeffler,S"]
[Black "Schiestl,J"]
[Result "1-0"]
[WhiteElo "2409"]
[BlackElo "2138"]

1.d4 Nf6 2.c4 g6 3.Nc3 Bg7 4.e4 d6 5.Nf3 O-O 6.Be2 e5 7.Bg5 h6 8.Bh4 Nbd7
9.O-O c6 10.d5 c5 11.Ne1 a6 12.a3 Qe8 13.b4 b6 14.Rb1 Nh7 15.bxc5 bxc5 16.Qa4 Ndf6
17.Qxe8 Rxe8 18.Rb6 Bf8 19.Nd3 Be7 20.Bxf6 Nxf6 21.Rfb1 Nd7 22.Rc6 Rb8 23.Rxb8 Nxb8
24.Rc7 Bd7 25.Rb7 Kf8 26.Bd1 Rc8 27.g3 Bd8 28.f4 f6 29.Na4 h5 30.Kf2 Be8
31.g4 Nd7 32.gxh5 gxh5 33.fxe5 fxe5 34.Bxh5 Bxh5 35.Rxd7 Be8 36.Rxd6 Bxa4
37.Rxa6 Bc2 38.Ke2 Bxd3+ 39.Kxd3 Rc7 40.Re6 Ra7 41.Rxe5 Rxa3+ 42.Kc2 Ra2+
43.Kb3 Rxh2 44.Rf5+ Ke7 45.e5 Rh4 46.Rg5 Kf7 47.Rg1 Re4 48.e6+ Kf6 49.Ka4 Rxc4+
50.Kb5 Rb4+ 51.Kc6 Be7 52.Rf1+ Ke5 53.Rf7 c4 54.Rxe7 c3 55.Rf7 c2 56.Rf1 Rb1
57.e7 Rxf1 58.e8=Q+ Kd4 59.Qh8+ Kd3 60.Qh7+ Kd2 61.Qh6+ Kd3 62.Qg6+ Kc3 63.Qg3+ Kb2
64.Qb8+ Kc3 65.Qg3+ Kb4 66.Qh4+ Ka5 67.Qd8+ Kb4 68.Qb6+ Kc3 69.Qa5+  1-0

[Event "ch-Siberia"]
[Site "Novokuznetsk RUS"]
[Date "2008.03.13"]
[Round "1"]
[White "Vekshenkov,N"]
[Black "Vladimirov,M2"]
[Result "1-0"]
[WhiteElo "2432"]
[BlackElo "2195"]

1.d4 Nf6 2.Nf3 g6 3.c4 Bg7 4.Nc3 O-O 5.e4 d6 6.Be2 e5 7.O-O Na6 8.Re1 Qe8
9.Bf1 Bg4 10.d5 Nb4 11.Rb1 a5 12.a3 Na6 13.b4 axb4 14.axb4 b6 15.Bd2 Nb8
16.h3 Bxf3 17.Qxf3 c5 18.bxc5 bxc5 19.Rb7 Qc8 20.Reb1 Na6 21.R7b6 Qc7 22.Rc6 Qe7
23.Nb5 Rfb8 24.Ra1 Nb4 25.Rxa8 Nxc6 26.Qa3 Qf8 27.Rxb8 Nxb8 28.Bd3 Nfd7 29.Qa7 Bf6
30.Ba5 Be7 31.Bc7 f5 32.exf5 gxf5 33.Bxb8 Nxb8 34.Bxf5  1-0

[Event "ch-RUS Girls u20"]
[Site "St Petersburg RUS"]
[Date "2008.03.14"]
[Round "7"]
[White "Ivakhinova,I"]
[Black "Savina,A"]
[Result "1/2-1/2"]
[WhiteElo "2250"]
[BlackElo "2202"]

1.d4 Nf6 2.c4 g6 3.Nc3 Bg7 4.e4 d6 5.Nf3 O-O 6.Be2 Na6 7.O-O e5 8.Be3 Ng4
9.Bg5 Qe8 10.h3 f6 11.Bc1 Nh6 12.dxe5 dxe5 13.Be3 c6 14.c5 Nc7 15.Nd2 Nf7
16.Nc4 Ne6 17.Nd6 Nxd6 18.Qxd6 Rf7 19.Bc4 Kh8 20.b4 Bf8 21.Qd2 Rd7 22.Qb2 Bg7
23.Ne2 Nc7 24.Nc1 Rd8 25.Nb3 Be6 26.Na5 Qf7 27.Bxe6 Nxe6 28.Nc4 Bf8 29.Rfd1 Rd7
30.Rxd7 Qxd7 31.Qa3 Qd8 32.Qa4 Nd4 33.Qd1 b6 34.cxb6 axb6 35.Qd2 c5 36.b5 Ra4
37.Rc1 Rb4 38.Na3 Qa8 39.Qd3 Rb2 40.Ra1 Qa4 41.Kh2 Kg7 42.f4 Be7 43.Nc4 Rc2
44.Nxb6 Qxb5 45.Qxb5 Nxb5 46.fxe5 fxe5 47.a4 Nc7 48.Nd5 Nxd5 49.exd5 Bd6
50.a5 e4+ 51.Kg1 Be5 52.Ra3 Bd4 53.Bxd4+ cxd4 54.a6 d3 55.a7 d2 56.a8=Q d1=Q+
57.Kh2 Rc7 58.Ra7 Qc1 59.d6 Qf4+ 60.Kh1 Qf1+ 61.Kh2 Qf4+ 62.Kh1 Qxd6 63.Rxc7+ Qxc7
64.Qxe4 Qc1+  1/2-1/2

[Event "ch-Siberia"]
[Site "Novokuznetsk RUS"]
[Date "2008.03.15"]
[Round "3"]
[White "Suchkov,E"]
[Black "Pakhomov,E"]
[Result "0-1"]
[WhiteElo "2279"]
[BlackElo "2100"]

1.d4 Nf6 2.c4 g6 3.Nc3 Bg7 4.e4 d6 5.Be2 O-O 6.Nf3 e5 7.d5 a5 8.Bg5 Na6 9.Nd2 Qe8
10.O-O Bd7 11.b3 c5 12.Nb5 Qe7 13.Rc1 h6 14.Bh4 Rfd8 15.Re1 Rdc8 16.a3 Qf8
17.Bg3 Ne8 18.f4 Qe7 19.Bg4 Bxg4 20.Qxg4 h5 21.Qf3 Bh6 22.Rcd1 h4 23.Bf2 Bxf4
24.Qg4 Nf6 25.Qxh4 Kg7 26.Qh3 Rh8 27.Qf3 Bxh2+ 28.Kf1 Bf4 29.Ke2 Nc7 30.Nc3 Nh7
31.Qg4 Nf6 32.Qf3 Qd7 33.a4 Nh7 34.Bh4 Na6 35.Na2 Nb4 36.Nxb4 axb4 37.Rh1 Ng5
38.Bxg5 Bxg5 39.Rdf1 Qe7 40.Qg4 Bxd2 41.Kxd2 Rxh1 42.Rxh1 Rh8 43.Rxh8 Kxh8
44.Ke2 Kg7 45.g3 Qd8 46.Kf2 Qh8 47.Qd7 Qh2+ 48.Kf3 Qh1+ 49.Ke3 Qe1+ 50.Kf3 Qd1+
51.Kg2 Qxb3 52.Qxd6 Qc2+ 53.Kf3 Qd3+ 54.Kf2 Qd4+ 55.Kf3 b3  0-1

[Event "ch-Siberia"]
[Site "Novokuznetsk RUS"]
[Date "2008.03.15"]
[Round "3"]
[White "Oganisjn,R"]
[Black "Vladimirov,M2"]
[Result "1-0"]
[WhiteElo "2306"]
[BlackElo "2195"]

1.d4 Nf6 2.c4 g6 3.Nf3 Bg7 4.Nc3 O-O 5.e4 d6 6.Be2 e5 7.Be3 Ng4 8.Bg5 f6
9.Bh4 Nc6 10.d5 Ne7 11.Nd2 Nh6 12.f3 g5 13.Bf2 f5 14.c5 Ng6 15.cxd6 cxd6
16.Nc4 Nf4 17.O-O g4 18.fxg4 Nxe2+ 19.Qxe2 Nxg4 20.Be1 f4 21.Nb5 Bd7 22.a4 Bxb5
23.axb5 Qd7 24.Bb4 Qxb5 25.Bxd6 Rfe8 26.Ra5 Qb3 27.Rf3 Ne3 28.Nxe3 fxe3 29.Rb5 Qa4
30.Rxb7 Kh8 31.Qxe3 Qd4 32.Qxd4 exd4 33.Rff7 Be5 34.Rxh7+ Kg8 35.Bxe5 Rxe5
36.Rbg7+ Kf8 37.Rg4  1-0

[Event "57th ch-BUL w"]
[Site "Plovdiv BUL"]
[Date "2008.03.15"]
[Round "1"]
[White "Trifonova,S"]
[Black "Bednikova,S"]
[Result "1/2-1/2"]
[WhiteElo "1957"]
[BlackElo "2088"]

1.d4 Nf6 2.Nf3 g6 3.c4 Bg7 4.Nc3 O-O 5.e4 d6 6.Be2 e5 7.O-O exd4 8.Nxd4 Re8
9.f3 Nc6 10.Be3 Nh5 11.Nxc6 bxc6 12.Qd2 f5 13.Bh6 Bxh6 14.Qxh6 f4 15.Rfd1 Qf6
16.c5 dxc5 17.Bc4+ Be6 18.Bxe6+ Rxe6 19.Rd7 Re7 20.Rad1 Rae8 21.Ne2 Rf8 22.Rd8 Rf7
23.Rxf8+ Rxf8 24.Rd7 Rf7 25.Rxf7 Qxf7 26.Qg5 Qf8 27.Qe5 Qd6 28.Qc3 Nf6 29.Kf2 Nd7
30.Ke1 g5 31.Qc4+ Kg7 32.Qc3+ Ne5 33.Nc1 c4 34.b3 Qc5 35.Ne2 Kf7 36.bxc4 Nxc4
37.Nd4 Qa5 38.Qxa5 Nxa5 39.Ke2 c5 40.Nb3 Nb7 41.Kd3 Ke6 42.Kc4 Kd6 43.a4 a6
44.Kd3 Nd8 45.Kc4 Ne6 46.Kd3 Nf8 47.Nd2 Nd7 48.Nc4+ Ke6 49.Kc3 Nb8 50.Na5 Kd6
51.Nc4+ Kd7 52.Na5 Ke6 53.Kc4 Nd7 54.Nb7 Nb6+ 55.Kxc5 Nxa4+ 56.Kb4 Nb2 57.Kc3 Nd1+
58.Kd4 Ne3 59.g3 Nf1 60.gxf4 gxf4 61.Nc5+ Ke7 62.e5 Nd2 63.Nxa6 Nxf3+ 64.Ke4 Nxh2
65.Kxf4 c6 66.Nc5 h5 67.Nb3 Ng4 68.Nd4 c5 69.Nf5+ Kf7 70.Ke4 c4 71.Nd6+ Ke6
72.Nxc4 Nxe5 73.Nxe5  1/2-1/2

[Event "39th Open"]
[Site "Mar del Plata ARG"]
[Date "2008.03.16"]
[Round "2"]
[White "Fernandez,Jor2"]
[Black "Covas,G"]
[Result "0-1"]
[WhiteElo "2012"]
[BlackElo "2192"]

1.d4 Nf6 2.Nf3 g6 3.c4 Bg7 4.Nc3 O-O 5.e4 d6 6.Be2 e5 7.Be3 Na6 8.O-O Ng4
9.Bg5 Qe8 10.dxe5 dxe5 11.Nd2 h6 12.Bxg4 hxg5 13.Bxc8 Qxc8 14.Qb1 c6 15.b4 Rb8
16.b5 Nc5 17.Nb3 Ne6 18.Ne2 g4 19.Qc1 Nf4 20.Ng3 Qd8 21.Qe3 Qh4 22.Rfd1 cxb5
23.cxb5 a6 24.Nc5 Bh6 25.Qe1 Rbc8 26.Nd7 Rfe8 27.bxa6 bxa6 28.Qa5 Bg5 29.Qxa6 Kg7
30.Qa7 Rh8 31.Nf1 Ne2+ 32.Kh1 Qxh2+  0-1

[Event "ch-Siberia"]
[Site "Novokuznetsk RUS"]
[Date "2008.03.16"]
[Round "4"]
[White "Obolenskikh,D"]
[Black "Sultimov,B"]
[Result "1-0"]
[WhiteElo "2455"]
[BlackElo "2292"]

1.d4 Nf6 2.c4 g6 3.Nc3 Bg7 4.e4 d6 5.Nf3 O-O 6.Be2 e5 7.Be3 Ng4 8.Bg5 f6
9.Bh4 g5 10.Bg3 Nh6 11.dxe5 dxe5 12.Qxd8 Rxd8 13.Nd5 Na6 14.h4 g4 15.Nd2 Be6
16.O-O-O c6 17.Ne3 Nc5 18.Kc2 Rd4 19.f3 gxf3 20.gxf3 Rad8 21.b4 Na6 22.a3 b6
23.Nb3 Rxd1 24.Rxd1 Rxd1 25.Nxd1 f5 26.c5 b5 27.Na5 Nb8 28.f4 fxe4 29.Ne3 Kf8
30.fxe5 Nf7 31.Bg4 Bxg4 32.Nxg4 Nd8 33.e6 Na6 34.Bd6+ Ke8 35.e7 Ne6 36.Nxc6 Nac7
37.Nxa7 Nd4+ 38.Kd1 Nd5 39.c6 h5 40.Nf2 e3 41.Nd3 e2+ 42.Ke1 Bf6 43.c7 Bxh4+
44.Nf2 Nxc7 45.Bxc7 Bxe7 46.Bb6 Nc2+ 47.Kxe2 Nxa3 48.Nd3 Kd7 49.Nc5+ Ke8
50.Nc6 Bf8 51.Nd4 Nc4 52.Ba7 Nd6 53.Bb8 Nb7 54.Nxb7 Bxb4 55.Nd6+ Kd7 56.N6xb5 Bf8
57.Kf3 Ke8 58.Kf4 Bh6+ 59.Kf5 Bc1 60.Bg3 Kd7 61.Ke5 Bh6 62.Kd5 Bg5 63.Nf3 Be3
64.Ne5+ Ke8 65.Bh4 Bh6 66.Ke6 Kf8 67.Nd6 Kg8 68.Nf5 Bf8 69.Ne7+ Kh7 70.Kf7 Bg7
71.Nd7  1-0

[Event "ch-Siberia"]
[Site "Novokuznetsk RUS"]
[Date "2008.03.16"]
[Round "4"]
[White "Kovalevich,L"]
[Black "Efimov,N"]
[Result "1/2-1/2"]
[WhiteElo "2268"]
[BlackElo "2209"]

1.d4 g6 2.c4 Bg7 3.Nc3 Nf6 4.e4 d6 5.Nf3 O-O 6.Be2 e5 7.O-O Na6 8.Be3 Ng4
9.Bg5 f6 10.Bh4 h5 11.h3 Nh6 12.dxe5 dxe5 13.Bg3 c6 14.Qxd8 Rxd8 15.Rfd1 Be6
16.Nd2 Bf8 17.Nb3 Nf7 18.f3 Nd6 19.Na5 Rac8 20.Bf2 b6  1/2-1/2

[Event "ch-Siberia"]
[Site "Novokuznetsk RUS"]
[Date "2008.03.17"]
[Round "5"]
[White "Suchkov,E"]
[Black "Mokhov,A"]
[Result "1-0"]
[WhiteElo "2279"]
[BlackElo "1948"]

1.d4 Nf6 2.c4 g6 3.Nc3 Bg7 4.e4 d6 5.Nf3 O-O 6.Be2 e5 7.d5 Nh5 8.g3 f5 9.exf5 Bxf5
10.O-O Nf6 11.Re1 Na6 12.a3 Nc5 13.Be3 Qe7 14.b4 Nce4 15.Nxe4 Nxe4 16.Rc1 a5
17.Nd2 axb4 18.axb4 Ra2 19.Nxe4 Bxe4 20.Bg4 h5 21.Re2 Ra3 22.Be6+ Kh7 23.Ra1 Rxa1
24.Qxa1 Bd3 25.Re1 Bxc4 26.Qa7 c6 27.dxc6 Bxe6 28.cxb7 Qc7 29.Rc1 Qb8 30.Bb6 Bd5
31.Rc7 g5 32.Qa6 Rf3 33.Qa7 Rf8 34.Qa6 Rf3 35.Ba7 Bxb7 36.Rxb7 Qf8 37.Be3 Qf5
38.Qa7 Qg6 39.Qa2 h4 40.Rc7 Rf8 41.b5 Kh8 42.Qc2 e4 43.b6 d5 44.Rc8 Qf7 45.Rxf8+ Bxf8
46.Qb2+ Bg7 47.b7 Bxb2 48.b8=Q+ Kh7 49.Qxb2 h3 50.Qe2 Kg6 51.Qg4 Qf5 52.Qxf5+ Kxf5
53.Bd4 Kg4 54.Kf1 Kf3 55.Be3  1-0

[Event "ch-Siberia"]
[Site "Novokuznetsk RUS"]
[Date "2008.03.17"]
[Round "5"]
[White "Andreev,Af"]
[Black "Pokazanjev,N"]
[Result "0-1"]
[WhiteElo "2295"]
[BlackElo "2405"]

1.d4 Nf6 2.c4 g6 3.Nc3 Bg7 4.e4 d6 5.Be2 O-O 6.Nf3 e5 7.dxe5 dxe5 8.Qxd8 Rxd8
9.Bg5 Nbd7 10.O-O-O Rf8 11.b4 a5 12.a3 axb4 13.axb4 Ra3 14.Bd2 c5 15.Kb2 cxb4
16.Nb5 Ra4 17.Rde1 Nxe4 18.Bd1 Nxd2 19.Bxa4 Nxc4+ 20.Kb3 Ndb6 21.Kxb4 Rd8
22.Bb3 Nb2 23.Nxe5 Bxe5 24.Rxe5 Nd3+ 25.Ka5 Nxe5 26.Kxb6 Rd3 27.Rb1 Bd7 28.f4 Ng4
29.Bc4 Rd2 30.Re1 Bxb5 31.Kxb5 Rxg2 32.Re7 Nh6 33.h3 Rf2 34.Re4 Rf3 35.Kb6 Nf5
36.Bd5 Rxh3 37.Re8+ Kg7 38.Rd8 Rd3 39.Rd7 Ne7  0-1

[Event "V Int"]
[Site "Los Llanos de Aridane ESP"]
[Date "2008.03.18"]
[Round "6"]
[White "Perez Felipe,M"]
[Black "Vega Gutierrez,S"]
[Result "0-1"]
[WhiteElo "2223"]
[BlackElo "2349"]

1.d4 d6 2.Nf3 Nf6 3.c4 g6 4.Nc3 Bg7 5.e4 O-O 6.Be2 Na6 7.O-O e5 8.Re1 Qe8
9.Bf1 Bg4 10.d5 Nb4 11.Be2 a5 12.a3 Na6 13.Nd2 Bxe2 14.Rxe2 Nc5 15.Nb3 b6
16.Nxc5 bxc5 17.Qa4 Qc8 18.Nb5 Nd7 19.Bd2 f5 20.Qc2 Nf6 21.Nc3 Rf7 22.Rf1 Nh5
23.exf5 gxf5 24.f4 exf4 25.Re6 Bd4+ 26.Kh1 Qd8 27.Bxf4 Nxf4 28.Rxf4 Qg5 29.Rf3 Kh8
30.Ne2 Be5 31.Ng3 Raf8 32.b3 Qh4 33.Nf1 Qe4 34.Qf2 a4 35.Nd2 Qc2 36.bxa4 Bd4
37.Qe2 Rg8 38.Re8 Be5 39.Rxe5 dxe5 40.Qxe5+ Rfg7 41.Nf1  0-1

[Event "10th Foxwoods Open"]
[Site "Ledyard USA"]
[Date "2008.03.20"]
[Round "3"]
[White "Ginsburg,M"]
[Black "Perelshteyn,E"]
[Result "1/2-1/2"]
[WhiteElo "2365"]
[BlackElo "2551"]

1.Nf3 Nf6 2.c4 g6 3.Nc3 Bg7 4.e4 d6 5.d4 O-O 6.Be2 Na6 7.O-O e5 8.Re1 Bg4
9.Be3 Bxf3 10.Bxf3 exd4 11.Bxd4 Nb4 12.Nd5 Nc6 13.Bc3 Re8 14.Rc1 Ne5 15.Nxf6+ Bxf6
16.Bg4 c5 17.f4 Nc6 18.e5 dxe5 19.Bd7 Re7 20.Bxc6 bxc6 21.Qxd8+ Rxd8 22.Rcd1 Rde8
23.fxe5 Bxe5 24.Bxe5 Rxe5 25.Rxe5 Rxe5 26.Rd7 Re1+ 27.Kf2 Rb1 28.Rxa7 Rxb2+
29.Kf3 Rc2 30.Ra6 Rc3+ 31.Kf2 Rxc4 32.Rxc6 h5 33.a4 Rxa4 34.Rxc5 Kg7 35.Rb5 h4
36.h3 Kh6 37.Rc5 Ra2+ 38.Kf3 Ra3+ 39.Kf2 Rb3 40.Ra5 Rc3 41.Rb5 Rc6 42.Ra5 f6
43.Rb5 Rc2+ 44.Kf3 Rc3+ 45.Kf2 g5 46.Ra5 Kg6 47.Rb5 Ra3 48.Rc5 Ra4 49.Rb5 Rf4+
50.Ke3 Rf5 51.Rb7 Ra5 52.Rb6 Kf5 53.Kf3 Ke5 54.Rc6 Ra3+ 55.Kf2 Rd3 56.Ra6 f5
57.Ra4 Rd4 58.Ra3 Rc4 59.Re3+ Re4 60.Ra3 Rf4+ 61.Ke3 Re4+ 62.Kf2 Rd4 63.Re3+ Kf6
64.Re8 Rd3 65.Ra8 Ke5 66.Ra4 Kd5 67.Rb4 Rc3 68.Rb8 g4 69.Rb5+ Ke6 70.hxg4 fxg4
71.Rh5 g3+ 72.Ke2 Rc4 73.Kf3 Kf6 74.Ra5 Kg6 75.Ra6+ Kg5 76.Ra5+ Kg6 77.Ra6+  1/2-1/2

[Event "ch-Siberia"]
[Site "Novokuznetsk RUS"]
[Date "2008.03.20"]
[Round "8"]
[White "Oganisjn,R"]
[Black "Tilicheev,V"]
[Result "1/2-1/2"]
[WhiteElo "2306"]
[BlackElo "2137"]

1.d4 Nf6 2.c4 g6 3.Nf3 Bg7 4.Nc3 O-O 5.e4 d6 6.Be2 e5 7.Be3 Ng4 8.Bg5 f6
9.Bh4 Nc6 10.dxe5 Ngxe5 11.O-O Nxf3+ 12.Bxf3 Be6 13.Nd5 Qd7 14.Qa4 Rf7 15.Rad1 Ne5
16.Qxd7 Nxf3+ 17.gxf3 Rxd7 18.b3 b6 19.Bg3 Re8 20.Rfe1 Kf7 21.Re3 f5 22.exf5 Bxf5
23.Rde1 Rxe3 24.fxe3 c6 25.Nf4 g5 26.Ne2 g4 27.Rf1 Ke8 28.Nd4 Bxd4 29.exd4 d5
30.fxg4 Bxg4  1/2-1/2

[Event "20th Festival"]
[Site "Lenk SUI"]
[Date "2008.03.21"]
[Round "2"]
[White "Cruceli,S"]
[Black "Pavlovic,Milos"]
[Result "0-1"]
[WhiteElo "2093"]
[BlackElo "2522"]

1.d4 Nf6 2.c4 g6 3.Nc3 Bg7 4.e4 d6 5.Nf3 O-O 6.Be2 Na6 7.O-O e5 8.Re1 c6
9.Rb1 exd4 10.Nxd4 Re8 11.Bf3 h6 12.b3 Nh7 13.Be2 Nc5 14.f3 f5 15.b4 fxe4
16.bxc5 dxc5 17.Nxc6 Qxd1 18.Nxd1 exf3 19.gxf3 bxc6 20.Be3 Bf5 21.Rb3 Bc2
22.Ra3 Ng5 23.h4 Ne6 24.Bd3 Nd4  0-1

[Event "ch-Siberia"]
[Site "Novokuznetsk RUS"]
[Date "2008.03.21"]
[Round "9"]
[White "Efimov,N"]
[Black "Pakhomov,E"]
[Result "1-0"]
[WhiteElo "2209"]
[BlackElo "2100"]

1.c4 Nf6 2.Nc3 g6 3.d4 Bg7 4.e4 d6 5.Nf3 O-O 6.Be2 Na6 7.O-O e5 8.Be3 Qe8
9.dxe5 dxe5 10.h3 Nh5 11.a3 Nf4 12.b4 Ne6 13.Rc1 c6 14.Qd2 Qe7 15.Bg5 Nxg5
16.Qxg5 Qxg5 17.Nxg5 Bh6 18.f4 f6 19.Nf3 Bxf4 20.Rcd1 Be6 21.Rd6 Nc7 22.Rfd1 a5
23.b5 Be3+ 24.Kh2 Bc5 25.b6 Bxb6 26.Na4 Ba7 27.R1d2 Rfe8 28.c5 Kf7 29.Nb6 Rab8
30.g4 g5 31.a4 Na8 32.Nd7 Rbc8 33.Ndxe5+ fxe5 34.Nxg5+ Kf6 35.Bc4 Kxg5 36.Bxe6 Rb8
37.Kg3 Kf6 38.Bd7+ Kf7 39.Bxe8+ Rxe8 40.Rb2 Bxc5 41.Rxb7+ Re7 42.Rxe7+ Kxe7
43.Rxc6 Bb4 44.Rh6 Kf8 45.g5 Nc7 46.Rxh7 Ne6 47.Kg4 Nc5 48.Kf5 Nxa4 49.Kf6 Kg8
50.Rc7 Bf8 51.g6 Nc5 52.g7 Nxe4+ 53.Kg6 Nd6 54.gxf8=Q+ Kxf8 55.Ra7 Nc4 56.Kf5 Kg8
57.h4 Kf8 58.h5 Kg8 59.h6 e4 60.Kxe4 Nd6+ 61.Kf4 a4 62.Kg5 Nf7+ 63.Kf6 Nxh6
64.Kg6  1-0

[Event "SCT Ladies Open"]
[Site "Stockholm SWE"]
[Date "2008.03.21"]
[Round "2"]
[White "Shumiakina,T"]
[Black "Daulyte,D"]
[Result "1/2-1/2"]
[WhiteElo "2352"]
[BlackElo "2251"]

1.d4 Nf6 2.c4 g6 3.Nc3 Bg7 4.e4 d6 5.Nf3 O-O 6.Be2 e5 7.O-O Na6 8.Re1 Qe8
9.Bf1 Bg4 10.d5 Nb4 11.Be2 a5 12.h3 Bxf3 13.Bxf3 Nd7 14.Rb1 Nc5 15.Be2 a4
16.Be3 Nba6 17.Qd2 f5 18.f3 Bf6 19.b4 axb3 20.axb3 Bh4 21.Rf1 f4 22.Bf2 Bxf2+
23.Rxf2 Nd7 24.b4 Nf6 25.c5 dxc5 26.Bxa6 Rxa6 27.bxc5 Qe7 28.d6 cxd6 29.Nd5 Nxd5
30.Qxd5+ Qf7 31.Rxb7 Qxd5 32.exd5 dxc5 33.Re2 Ra1+ 34.Kh2 Rf7 35.Rb8+ Kg7
36.Rxe5 Rd1 37.d6 Rxd6 38.Rxc5 Rd2  1/2-1/2

[Event "ch-WLS"]
[Site "Cardiff WLS"]
[Date "2008.03.22"]
[Round "2"]
[White "Williams,Lei"]
[Black "Bennett,P"]
[Result "1-0"]
[WhiteElo "2389"]
[BlackElo "2131"]

1.d4 Nf6 2.c4 g6 3.Nc3 Bg7 4.e4 d6 5.Nf3 O-O 6.Be2 e5 7.d5 a5 8.Bg5 h6 9.Bh4 Na6
10.Nd2 Bd7 11.O-O Nc5 12.b3 Ra6 13.a3 Qa8 14.Kh1 Qe8 15.b4 axb4 16.axb4 Rxa1
17.Qxa1 Ncxe4 18.Ndxe4 Nxe4 19.Nxe4 f5 20.Qa5 Qb8 21.Nxd6 cxd6 22.f3 Re8
23.Qb6 e4 24.f4 e3 25.c5 Bf8 26.Ra1 g5 27.Bg3 dxc5 28.Qg6+ Kh8 29.bxc5 gxf4
30.Bh4 Bg7 31.Bf6 Rg8 32.Qxh6+  1-0